000 00952nam a2200265 i 4500
001 185573
003 SpMaBN
005 20230906222452.0
008 160718s1987 sp |||| |dspa d
020 _a84-376-0724-8
080 _a39(091)
100 1 _aEvans-Pritchard, E. E.
_948377
245 1 0 _aHistoria del pensamiento antropológico /
_cEdward Evans-Pritchard ; recopilación de André Singer ; introducción de Ernest Gellner ; [traducción de Isabel Vericat].
260 _aMadrid :
_bCátedra,
_c[1987]
300 _a265 p. ;
_c21 cm.
490 1 _aTeorema.
_aSerie mayor
504 _aBibliografía: p. 261-265.
650 7 _aAntropología cultural y social-
_vHistoria.
_99877
700 1 _aSinger, André.
_9160157
700 1 _aGellner, Ernest.
_956272
700 1 _aVericat, Isabel.
_9114131
830 0 _aTeorema.
_aSerie mayor
_9177809
852 _aES-MaACL
_jL-30445
_z. - Donat. Miguel A. Velasco
999 _c185573
_d185573